Responses for Show #6408 - Wednesday, June 27, 2012

Contestants

[<< previous game]

Tim Wong, a landscape designer from Cambridge, Massachusetts

Anna-Lise Santella, an editor and musicologist from Trout Valley, Illinois

Jon Shoup, a graduate student of political science from Charlottesville, Virginia (whose 1-day cash winnings total $14,179)

[next game >>]

Jeopardy! Round responses

FASHION
PRESIDENTS BY KIDS
BOY SCOUT TIES
HAPPY BIRTHDAY
"FOR"
HE'S A JOLLY GOOD FELLOW
    $200 12
J. Crew

Jon
    $200 13
Bill Clinton

Tim
    $200 6
(Anna-Lise: What is a good deed?)
(Tim: What is a good work?)

a good turn

Anna-LiseTim
Triple Stumper
    $200 1
the Golden Gate Bridge

Anna-Lise
    $200 8
a fortress

Jon
    $200 21
Peter Sellers

Anna-Lise
    $400 19
tuxedos

Jon
    $400 14
John Adams

Tim
    $400 7
(Tim: What's a knot?)

a tent

Anna-LiseTim
    $400 2
Shamu

Jon
    $400 9
a formula

Jon
    $400 22
Borat

Anna-Lise
    $600 20
a pencil

Jon
    $600 15
George Washington

Triple Stumper
    $600 26
Cubs

Anna-Lise
    $600 3
Margaret Thatcher & Lenny Bruce

Triple Stumper
    $600 10
format

Anna-Lise
    $600 23
Benny Hill

Jon
    $800 29
(Manolo) Blahnik

Anna-Lise
    $800 16
(Anna-Lise: I'm sorry.)

(Jimmy) Carter

JonAnna-Lise
    $800 27
splicing

Anna-Lise
    $800 4
Audubon

Tim
    $800 11
fortissimo

Anna-Lise
    $800 24
John Cleese

Anna-Lise
    $1000 30
Mischka

Anna-Lise
    $1000 17
George H.W. Bush

Triple Stumper
    $1000 28
a bear bag

Triple Stumper
    $1,000 5
(Tim: [No response])

Jefferson Davis

Tim
    $1000 18
forum

Anna-Lise
    $1000 25
(Alex: Yes, with less than a minute to go.)

Ricky Gervais

Jon

Scores at the first commercial break (after clue 11):

Jon Anna-Lise Tim
$1,000 $1,800 -$800

Scores at the end of the Jeopardy! Round:

Jon Anna-Lise Tim
$4,600 $6,600 -$200

Double Jeopardy! Round responses

IN UTAH ROW
NATURE
"M"USICALS
THE RIVER OF HISTORY
A FEW 4-LETTER CATEGORY
MY BIG FAT GREEK LIT CATEGORY
    $400 7
algae

Tim
    $400 6
Mary Poppins

Tim
    $400 1
the Danube

Jon
    $400 21
nova

Tim
    $400 16
Homer

Jon
    $800 8
a stag beetle

Anna-Lise
    $800 9
My Fair Lady

Anna-Lise
    $800 2
Battle Creek

Triple Stumper
    $800 22
yoga

Tim
    $800 17
Plato

Anna-Lise
    $1200 13
squirrel

Tim
    $1200 10
Meet Me in St. Louis

Anna-Lise
    $1200 3
the Elbe

Triple Stumper
    $1200 23
(Alex: Yes, with a minute to go.)

nape

Anna-Lise
    $1200 18
Sappho

Tim
    $1600 26
National Security Advisor

Jon
    $2,000 14
the morning glory

Tim
    $1600 11
(Jon: What is Madame Butterfly?)

Miss Saigon

Jon
Triple Stumper
    $1,500 4
the Ohio River

Jon
    $1600 24
(Jon: Oh, dear. Um... laud? What is laud?)

tony

Jon
Triple Stumper
    $1600 19
Plutarch

Tim
    $2000 27
[The end-of-round signal sounds.]

Philo T. Farnsworth

Triple Stumper
    $2000 15
waxwing

Anna-Lise
    $2000 12
Movin' Out

Anna-Lise
    $2000 5
Tennessee

Jon
    $2000 25
yeti

Anna-Lise
    $2000 20
(Tim: Who is Aeschylus?)

Sophocles

Anna-LiseTim

Scores at the end of the Double Jeopardy! Round:

Jon Anna-Lise Tim
$7,300 $19,400 $5,800
(lock game)

[wagering suggestions for these scores]

Final Jeopardy! Round responses

EARLY FILMS OF OSCAR WINNERS
(Alex: Nicolas Cage, Forest Whitaker, and Sean Penn were the three actors involved here.)
TimWhat is Breakfast Club?
$0
JonWhat is Fast Times @ Ridgemont H High?
$4,301
Anna-LiseWhat is The Breakfast Club
$4,000
Fast Times at Ridgemont High

Final scores:

Jon Anna-Lise Tim
$11,601 $15,400 $5,800
2nd place: $2,000 New champion: $15,400 3rd place: $1,000

Game dynamics:

Coryat scores:

Jon Anna-Lise Tim
$7,400 $19,400 $6,400
14 R
(including 1 DD),
2 W
21 R,
2 W
11 R
(including 1 DD),
4 W
(including 1 DD)

Combined Coryat: $33,200

[game clues] [game scores] [suggest correction]

Game tape date: 2012-02-15
The J! Archive is created by fans, for fans. Scraping, republication, monetization, and malicious use prohibited; this site may use cookies and collect identifying information. See terms. The Jeopardy! game show and all elements thereof, including but not limited to copyright and trademark thereto, are the property of Jeopardy Productions, Inc. and are protected under law. This website is not affiliated with, sponsored by, or operated by Jeopardy Productions, Inc. Join the discussion at JBoard.tv.